000 00356nam a2200145Ia 4500
008 090124s9999 xx 000 0 und d
082 _b133365
_a101798
245 _a झुबेदा
250 _a1
260 _bरेगे आनंद
_c2005
300 _a176
630 _a झुबेदा
730 _a झुबेदा
942 _cBOOK
999 _c179580
_d179580